02490nam a22003618i 4500999001700000001001000017003000900027005001700036008004100053020001800094040004100112082002200153245021700175250002900392264005200421300006200473336002600535336003300561337002800594338002700622500003200649500002000681520101100701650006501712650004001777653002501817655002401842700002901866700003301895700003301928942001201961952015501973 c28004d27975018385617EG-ScBUE20201128024422.0170613s2017 enka f 001 0 eng d a9781107534483 aStDuBDSbengerdacStDuBDSdEG-ScBUE04a327.1019bEMO22200aEmotions in international politics :bbeyond mainstream international relations /cedited by Yohan Ariffin, Lausanne University, Jean-Marc Coicaud, Rutgers University, Vesselin Popovski, Jindal Global Law School. aFirst paperback edition. 1aCambridge :bCambridge University Press,c2017. axv, 416 pages :billustrations (black and white) ;c23 cm atext2rdacontentbtxt astill image2rdacontentbtxt aunmediated2rdamediabn avolume2rdacarrierbnc aOriginally published: 2016. aIncludes index. aIn recent years, social scientists have increasingly recognized the interconnectedness of thought on emotions. Nowhere is the role of passions more evident than international politics, where pride, anger, guilt, fear, empathy, and other feelings are routinely on display. But in the absence of an overarching theory of emotions, how can we understand their role at the international level? Emotions in International Politics fills the need for theoretical tools in the new and rapidly growing subfield of international relations. Eminent scholars from a range of disciplines consider how emotions can be investigated from an international perspective involving collective players, drawing evidence from such emotionally fraught events as the Rwandan genocide, World War II, the 9/11 attacks, and the Iranian nuclear standoff. The path-breaking research collected in Emotions in International Politics will be a valuable theoretical guide to understanding conflict and cooperation in international relations 7aInternational relationsxPsychological aspects.2BUEsh91318 7aEmotionsxPolitical aspects.2BUEsh bBUSBOLcFebruary2020 vReading book9342321 aAriffin, Yohan,eeditor.1 aCoicaud, Jean-Marc,eeditor.1 aPopovski, Vesselin,eeditor. 2ddccBB 00102ddc40708BaccahaMAINbMAINc1STd2020-02-08ePurchaseg621.00h34036l0o327.1019 EMOp000048578r2025-07-15 00:00:00v776.25w2020-02-08yBB